| 000 | 00461cam a2200181ua 4500 | ||
|---|---|---|---|
| 020 | _c1.25 | ||
| 041 |
_amal _h |
||
| 082 |
_a894.812308 _bPRA/YA |
||
| 100 | _aPrabodh Kumar, Sanyal . | ||
| 245 |
_aYatrik / _cPrabodh Kumar Sanyal. _hTextual Documents |
||
| 260 |
_aKottayam : _bSahitya Pravarthaka Co-operative Society , _c1951. |
||
| 300 | _a148 ; . | ||
| 365 | _a1.25 | ||
| 504 | _a | ||
| 942 | _cBK | ||
| 999 |
_c4248 _d4248 |
||